| 000 | 01207nmm a2200397 a 4500 | ||
|---|---|---|---|
| 003 | AR-BaBNM | ||
| 005 | 20251128204535.0 | ||
| 008 | 195019s[199 ||||||||||||||000 | spa|| | ||
| 040 | _cAR-BaBNM | ||
| 100 | 1 | _aLicastro, Julián | |
| 245 | 1 | 0 | _aPueblo protagonista |
| 260 |
_aLima _bAsociación para el desarrollo tecnológico _c[1991] |
||
| 300 | 0 | _a54 p. | |
| 500 | 0 | _aContiene recopilación de ideas fundamentales desarrolladas en conferencias y artículos fechados en Lima {Perú} en 1989 y 1990 | |
| 650 | 4 | _aHISTORIA ECONOMICA | |
| 650 | 4 | _aDESARROLLO ECONOMICO Y SOCIAL | |
| 650 | 4 | _aPOLITICA ECONOMICA | |
| 650 | 4 | _aHISTORIA SOCIAL | |
| 650 | 4 | _aCAMBIO TECNOLOGICO | |
| 650 | 4 | _aPAISES EN DESARROLLO | |
| 650 | 4 | _aREFORMA ECONOMICA | |
| 650 | 4 | _aIDEOLOGIAS | |
| 650 | 4 | _aSOCIOLOGIA POLITICA | |
| 650 | 4 | _aSOCIEDAD CONTEMPORANEA | |
| 650 | 4 | _aREFORMA SOCIAL | |
| 650 | 4 | _aVALORES MORALES | |
| 650 | 4 | _aINTEGRACION ECONOMICA | |
| 650 | 4 | _aCOOPERACION INTERNACIONAL | |
| 650 | 4 | _aESTABILIZACION ECONOMICA | |
| 650 | 4 | _aPOLITICA ECONOMICA | |
| 650 | 4 | _aCONFERENCIAS | |
| 650 | 4 | _aDEPENDENCIA ECONOMICA | |
| 651 | 4 | _aAmérica Latina | |
| 942 | _cBK | ||
| 998 | _cEthel | ||
| 999 |
_c7840 _d7840 |
||